Annual Cookbook (Record no. 1183)

000 -LEADER
fixed length control field 00574nam a22002057a 4500
003 - CONTROL NUMBER IDENTIFIER
control field OSt
005 - DATE AND TIME OF LATEST TRANSACTION
control field 20210426115556.0
008 - FIXED-LENGTH DATA ELEMENTS--GENERAL INFORMATION
fixed length control field 210204s2011 ||||| |||| 00| 0 eng d
020 ## - INTERNATIONAL STANDARD BOOK NUMBER
International Standard Book Number 9781603201803
040 ## - CATALOGING SOURCE
Original cataloging agency eng
Language of cataloging eng
Transcribing agency DLC
041 ## - LANGUAGE CODE
Language code of text/sound track or separate title eng
080 ## - UNIVERSAL DECIMAL CLASSIFICATION NUMBER
Universal Decimal Classification number 641
Item number H-46
100 ## - MAIN ENTRY--PERSONAL NAME
9 (RLIN) 469
Personal name Heddings, Kate
Relator term Editor
245 ## - TITLE STATEMENT
Title Annual Cookbook
Remainder of title : an Entire Year of Recipes 2011
Statement of responsibility, etc. / by: Food and Wine Books
260 ## - PUBLICATION, DISTRIBUTION, ETC.
Place of publication, distribution, etc. New York
Name of publisher, distributor, etc. Food and Wine Books
Date of publication, distribution, etc. 2011
300 ## - PHYSICAL DESCRIPTION
Extent 408 p.
Other physical details ill.
650 #0 - SUBJECT ADDED ENTRY--TOPICAL TERM
9 (RLIN) 468
Topical term or geographic name entry element Culinary
653 ## - INDEX TERM--UNCONTROLLED
Uncontrolled term კულინარია
942 ## - ADDED ENTRY ELEMENTS (KOHA)
Source of classification or shelving scheme
Koha item type Books
Holdings
Withdrawn status Lost status Source of classification or shelving scheme Damaged status Not for loan Permanent location Current location Date acquired Inventory number Total Checkouts Full call number Barcode Date last seen Price effective from Koha item type
          Ken Walker International University Ken Walker International University 02/04/2021 696   641 H-46 696 02/04/2021 02/04/2021 Books

Powered by Koha